Elektron international. Ausgabe D.

Uložené v:
Podrobná bibliografia
Predchádzajúci názov:Elektron
Médium: Časopis
Jazyk:German
Vydané: Linz : Oeletron Verlag, 1967-[1985].
Tagy: Pridať tag
Žiadne tagy, Buďte prvý kto otaguje tento záznam!

MARC

LEADER 00000nas a22000001a 4500
001 000299921
003 SVKK
005 20190124084239.0
008 960805d19671985au mr|p|||||||0|||b0ger|c
022 |a 0374-3098 
030 |a EKITA9 
040 |a BAA001  |b slo  |e AACR2 
041 0 |a ger 
044 |a au  |c AT 
210 0 |a Elektron int. 
222 4 |a Das Elektron international 
245 0 0 |a Elektron international.  |n Ausgabe D. 
260 |a Linz :  |b Oeletron Verlag,  |c 1967-[1985]. 
310 |a 1x mesačne 
362 0 |a 1967 - [1985]  |z ZDB/2012 
500 |a V ISSN ukončenie neuvedené 
780 0 0 |t Elektron  |x 0013-5607 
910 |a KEA001  |b C.1719 
998 |a SE 
090 |g CASOS  |k Sklad Pribinova suterén  |a C.1719  |j 00000  |i 2720608814  |4 Silne poškodené  |s Vyradená 
090 |g CASOS  |k Sklad Pribinova suterén  |a C.1719  |j 00000  |i 2720608815  |4 Silne poškodené  |s Vyradená 
090 |g CASOS  |k Sklad Pribinova suterén  |a C.1719  |j 00000  |i 2720608816  |4 Silne poškodené  |s Vyradená 
090 |g CASOS  |k Sklad Pribinova suterén  |a C.1719  |j 00000  |i 2720608817  |4 Silne poškodené  |s Vyradená 
090 |g CASOS  |k Sklad Pribinova suterén  |a C.1719  |j 00000  |i 2720608818  |4 Silne poškodené  |s Vyradená 
090 |g CASOS  |k Sklad Pribinova suterén  |a C.1719  |j 112598  |i 299921-80  |4 Vyradené už v r.2012  |s Vyradená 
090 |g CASOS  |k Sklad Zvonárska 19  |a C.1719  |j 00000  |i B158364  |4 Silne poškodené  |s Vyradená 
090 |g CASOS  |k Sklad Zvonárska 19  |a C.1719  |j 00000  |i B158363  |4 Silne poškodené  |s Vyradená 
090 |g CASOS  |k Sklad Zvonárska 19  |a C.1719  |j 00000  |i B158362  |4 Silne poškodené  |s Vyradená 
090 |g CASOS  |k Sklad Zvonárska 19  |a C.1719  |j 00000  |i B158360  |4 Silne poškodené  |s Vyradená 
090 |g CASOS  |k Sklad Zvonárska 19  |a C.1719  |j 00000  |i B158361  |4 Silne poškodené  |s Vyradená 
090 |g CASOS  |k Sklad Zvonárska 19  |a C.1719  |j 00000  |i 299921-90  |4 Silne poškodené  |s Vyradená 
090 |g CASOS  |k Sklad Zvonárska 19  |a C.1719  |j 107189  |i 299921-100  |4 Silne poškodené  |s Vyradená 
090 |g CASOS  |k Sklad Zvonárska 19  |a C.1719  |j 122048  |i 299921-70  |4 Vyradené už v r.2012  |s Vyradená 
090 |g CASOS  |k Sklad Zvonárska 19  |a C.1719  |j 129673  |i 299921-60  |4 Vyradené už v r.2012  |s Vyradená 
090 |g CASOS  |k Sklad Zvonárska 19  |a C.1719  |j 132670  |i 299921-50  |4 Vyradené už v r.2012  |s Vyradená 
090 |g CASOS  |k Sklad Zvonárska 19  |a C.1719  |j 136183  |i 299921-40  |4 Vyradené už v r.2012  |s Vyradená 
090 |g CASOS  |k Sklad Zvonárska 19  |a C.1719  |j 139247  |i 299921-30  |4 Vyradené už v r.2012  |s Vyradená 
090 |g CASOS  |k Sklad Zvonárska 19  |a C.1719  |j 155644  |i 299921-20  |4 Vyradené už v r.2012  |s Vyradená 
090 |g CASOS  |k Sklad Zvonárska 19  |a C.1719  |j 163899  |i 299921-10  |4 Vyradené už v r.2012  |s Vyradená